Внутренняя е внешняя политика Народной Республики Болгарии (Запис номер 384299)
[ съкратено ]
| 000 -Лидер | |
|---|---|
| Контролно поле с фиксирана дължина | 01979nam a2200349 a 4500 |
| 003 - Код на организацията, давaща контролен номер | |
| Контролно поле | BLK |
| 005 - Дата и час на последна редакция | |
| Контролно поле | 20250127100131.0 |
| 008 - Елементи от данни с фиксирана дължина | |
| fixed length control field | 180411b bul|||||r ||||||| ||bul|| |
| 010 ## - Наследен системен номер | |
| LC control number | KNG00193890000 |
| 040 ## - Източник на каталожния запис | |
| Идентификатор на билиотеката - собственик на записа | BLK |
| 041 ## - Код за език | |
| Код за езика на текст/звукозапис или на отделно заглавие | Руски |
| Код за езика КДБФ | Руски |
| 080 ## - УДК | |
| Текстов определител УДК | Вътрешна политика. Вж и 329 |
| УДК код - определител по УДК | 323 |
| УДК определител | (497.2) |
| УДК - код + определител | 323(497.2) |
| 080 ## - УДК | |
| Текстов определител УДК | Международни политически отношения. Световна политика. Международна политика. Дипломация |
| УДК код - определител по УДК | 327 |
| УДК определител | (497.2) |
| УДК - код + определител | 327(497.2) |
| 100 ## - Редна дума - Автор | |
| Автор | Живков, Тодор Христов |
| Дати, свързани с автора | 1911 - 1998 |
| Автор - информация (биография) | Български политик, БКП. Първи секретар и генерален секретар на ЦК на БКП, председател на Министерския съвет и председател на Държавния съвет на НРБ |
| R(LIN) | 365041 |
| 139 ## - Редно поле | |
| Редна дума | Живков, Тодор Христов |
| Авторски знак | Живк - Ж 48 |
| 245 10 - Сведения за заглавието | |
| Заглавие | Внутренняя е внешняя политика Народной Республики Болгарии |
| Подзаглавни данни | Речь на Десятой сесии Надорного собрания седьмого созыва София, 27 апреля 1979 г. |
| Редно поле (дума) | Тодор Христов Живков. |
| 257 ## - Страна на издаване | |
| Страна на създаване/издаване | България |
| 260 ## - Област на издателските данни | |
| Име на издателя, разпространителя и проч. | София пресс |
| Година на издаване | 1979 |
| 9 (RLIN) | 221324 |
| Място на издаване, разпространение и проч. | София |
| 300 ## - Физическа характеристика | |
| Страници | 64 с. |
| Размери/Мащаб | 17 см |
| 380 ## - Жанр | |
| Жанр | Обществени науки |
| 500 ## - Общи забележки | |
| Забележка | Ориг. загл. За вътрешната и външната политика на Народна република България<br/>15 000 тир |
| 650 #7 - Допълнително описание по предмет – тема | |
| Основно описание – тема или топоним | България - вътрешна и външна политика |
| Източник на редна или ключова дума | |
| 9 (RLIN) | 149492 |
| 653 ## - Ключова дума – ненормативна | |
| Ключова дума | вътрешна политика |
| 653 ## - Ключова дума – ненормативна | |
| Ключова дума | външна политика |
| 653 #7 - Ключова дума – ненормативна | |
| Ключова дума | речи |
| 9 (RLIN) | 195537 |
| 852 ## - Местоположение | |
| Форматна сигнатура | Цб I 17211 |
| Фондова буква | Хранилище |
| 856 4# - Електронен адрес и достъп | |
| Електронен формат | pdf - файл |
| 999 ## - СИСТЕМНИ КОНТРОЛНИ НОМЕРА | |
| Koha biblionumber | 384299 |
| Koha biblioitemnumber | 384299 |
| 942 ## - АРТИКУЛИ | |
| Вид на библиотечния материал | Книги |
| Скрит в OPAC | Не |
| Периодичен библиозапис | Да |
| 944 ## - СЪЗДАВАНЕ И РЕДАКЦИЯ на ЗАПИСА | |
| Създаване/Редакция | Създаване |
| Дата на регистрацията/редакция | 2020-08-21 |
| Служител, извършил регистрацията/редакцията | 30560 |
| Статус, дата на статуса | Геновева Генчева |
| 999 ## - СИСТЕМНИ КОНТРОЛНИ НОМЕРА | |
| Koha biblioitemnumber | 384299 |
| 999 ## - СИСТЕМНИ КОНТРОЛНИ НОМЕРА | |
| Koha biblioitemnumber | 184913 |
| Код за отписване | Код за изгубен артикул | Източник на класификационната схема | Код за повреда | Коз за рестрикции | Код за отдаване | Артикулен № | Име на библиотеката - собственик | Име на библиотеката, в която се намира в момента | Статус (Текущо местоположение) | Дата на вписване в системата | Местоположение - отдел | Цена в лева | Инвентарен номер | Систематично азбучна сигнатура | Баркод | Цена в евро | Служебен тип на артикула |
|---|---|---|---|---|---|---|---|---|---|---|---|---|---|---|---|---|---|
| Не е изгубен | Universal Decimal Classification | Не е повреден | само за читалня | ползва се в читалня | 793482 | Регионална библиотека "Любен Каравелов" Русе | Регионална библиотека "Любен Каравелов" Русе | Хранилище | 2020-08-24 | Хранилище | 0.30 | 279438 | Цб І 17211 | 120000279438 | 0.15 | Книги |